000 00966nam a2200229Ia 4500
999 _c56010
_d56010
001 23110
003 GE_BSU
005 20230711112048.0
008 181216s1981||||ge |||||||||||||| ||geo||
040 _cGE_BSU
041 _ageo
080 _a821.111(73)-31ს-80
100 _aსტაინბეკი, ჯონ
_919229
245 _aმრისხანების მტევნები :
_bრომანი /
_cჯონ სტაინბეკი ; თარგმნა და ბოლოსიტყვ. დაურთო ბ. სივსივაძემ.
264 _aთბილისი :
_bსაბჭ. საქართველო,
_c1981.
300 _a650 გვ. :
_bილ. ;
_c21სმ.
541 _h7 ლ.
653 _aმრისხანების მტევნები
653 _aრომანი
700 _aსივსივაძე, ბ.
_eმთარგმნელი
_919230
942 _cBK
_2udc